Electronic instrumentation and measurements (Record no. 67354)
[ view plain ]
| 000 -LEADER | |
|---|---|
| fixed length control field | 00804nam a22002057a 4500 |
| 003 - CONTROL NUMBER IDENTIFIER | |
| control field | NUST-PNEC |
| 005 - DATE AND TIME OF LATEST TRANSACTION | |
| control field | 20170116181019.0 |
| 008 - FIXED-LENGTH DATA ELEMENTS--GENERAL INFORMATION | |
| fixed length control field | 140508b xxu||||| |||| 00| 0 eng d |
| 020 ## - INTERNATIONAL STANDARD BOOK NUMBER | |
| International Standard Book Number | 0132499541 |
| 040 ## - CATALOGING SOURCE | |
| Transcribing agency | LIBRARY |
| 082 ## - DEWEY DECIMAL CLASSIFICATION NUMBER | |
| Classification number | 621.3815 BEL |
| 100 ## - MAIN ENTRY--PERSONAL NAME | |
| 9 (RLIN) | 102 |
| Personal name | Bell, David A. |
| 245 ## - TITLE STATEMENT | |
| Title | Electronic instrumentation and measurements |
| Statement of responsibility, etc. | David A. Bell |
| 250 ## - EDITION STATEMENT | |
| Edition statement | 2nd ed. |
| 260 ## - PUBLICATION, DISTRIBUTION, ETC. | |
| Place of publication, distribution, etc. | New Dehli |
| Name of publisher, distributor, etc. | Asoke K , Gosh, Prentice-Hall of India |
| Date of publication, distribution, etc. | c.1994 |
| 300 ## - PHYSICAL DESCRIPTION | |
| Extent | vii, 451 p. : |
| Other physical details | ill. : |
| Dimensions | 23 cm. |
| 500 ## - GENERAL NOTE | |
| General note | Includes Index http://www.amazon.com/Electronic-Instrumentation-Measurements-David-Bell/dp/0132499541/ref=sr_1_fkmr0_1?s=books&ie=UTF8&qid=1399533275&sr=1-1-fkmr0&keywords=electronic+instrumentation+and+measurements+david+a+bell+1997 |
| 650 ## - SUBJECT ADDED ENTRY--TOPICAL TERM | |
| General subdivision | EL |
| 9 (RLIN) | 10569 |
| Topical term or geographic name entry element | Electronic |
| 942 ## - ADDED ENTRY ELEMENTS (KOHA) | |
| Source of classification or shelving scheme | |
| Koha item type | Book |
| Withdrawn status | Lost status | Source of classification or shelving scheme | Damaged status | Not for loan | Permanent Location | Current Location | Shelving location | Date acquired | Total Checkouts | Full call number | Barcode | Date last seen | Price effective from | Koha item type |
|---|---|---|---|---|---|---|---|---|---|---|---|---|---|---|
| Pakistan Navy Engineering College (PNEC) | Pakistan Navy Engineering College (PNEC) | 621.3815 BEL | PNECLIB-025106 | 09/15/2015 | Book |
